000 00634nam a2200217 a 4500
005 20140310183248.0
008 040922s19uu xx 00 eng d
020 _a0072556781
050 _aQR 41.2
_b.P74 2005
100 _aPrescott, Lansing M.
245 _aMicrobiology /
_cLansing M. Prescott, John P. Harley, Donald A. Klein.
250 _a6th ed.
260 _aBoston :
_bMcGraw-Hill,
_c2005.
300 _a992 p. :
_c28 cm.
500 _aIncludes bibliographical references and index.
650 _aMicrobiology.
700 _aHarley, John P.
700 _aKlein, Donald A.
942 _cBK
_2lcc
_kFOR
999 _c20743
_d20743